The Management Of Projects (Record no. 12130)

000 -LEADER
fixed length control field 00475 a2200193 4500
003 - CONTROL NUMBER IDENTIFIER
control field OSt
005 - DATE AND TIME OF LATEST TRANSACTION
control field 20231117124211.0
008 - FIXED-LENGTH DATA ELEMENTS--GENERAL INFORMATION
fixed length control field 231117b ||||| |||| 00| 0 eng d
020 ## - INTERNATIONAL STANDARD BOOK NUMBER
International Standard Book Number 9780727725936
040 ## - CATALOGING SOURCE
Original cataloging agency BMSCA
041 ## - LANGUAGE CODE
Language code of text/sound track or separate title eng
082 ## - DEWEY DECIMAL CLASSIFICATION NUMBER
Classification number 658.404
Item number MOR
100 ## - MAIN ENTRY--PERSONAL NAME
Personal name Peter Morris
245 ## - TITLE STATEMENT
Title The Management Of Projects
260 ## - PUBLICATION, DISTRIBUTION, ETC. (IMPRINT)
Name of publisher, distributor, etc Thomas Telford Publishing,
Date of publication, distribution, etc 1997.
Place of publication, distribution, etc London:
300 ## - PHYSICAL DESCRIPTION
Extent XI,358p.:
Dimensions 15cm.
650 ## - SUBJECT ADDED ENTRY--TOPICAL TERM
Source of heading or term Project management
942 ## - ADDED ENTRY ELEMENTS (KOHA)
Source of classification or shelving scheme
Holdings
Withdrawn status Lost status Source of classification or shelving scheme Damaged status Not for loan Permanent location Current location Date acquired Source of acquisition Cost, normal purchase price Barcode Date last seen Cost, replacement price Price effective from Koha item type
          BMS College of Architecture, Design and Planning BMS College of Architecture, Design and Planning 2023-11-16 10 3794.00 AR-PG678 2023-11-16 5420.00 2023-11-16 PG Books
Copyright © 2025, The Librarian, Library and Information Centre, BMSCA D&P, Bengaluru. All Rights Reserved
web counter

Powered by Koha